00514 a2200157 4500010001400000020002300014035001300037037001600050082001000066100002300076245005200099260003400151270010100185300002900286500004100315 aENG-89582 a8187671756c150.00 aEN-73115 bDBAD / PUB14a158.11 aBranden, Nathaniel1 aThe power of self-esteem/cby Nathaniel Branden aChennaibWestland Booksc2007 a571, Poonamallee High Road, Kamraj Bhavan, AminjikaraibChennaie600 002mewb@airtelbroadband.in axix, 97p.b23 cm. (Pbk.) aIncludes bibliographical references